000 01024nam a2200445Ia 4500
001 6947
003 14060
005 20250102101704.0
008 ||||||n9999 ||| || ||
041 _aspa
082 _219
_a350
110 2 _aOrganización de las Naciones Unidas
_9548
245 0 _aEvaluacion y analisis demograficos de los datos de los censos de poblacion
_baspectos de cooperacion tecnica
260 _aEstados Unidos :
_bNAUNI,
_c1980.
300 _a31p
562 _e1
650 0 _aCensos de población
_93361
650 _aCENSOS DEMOGRAFICOS
_912361
942 _cBKM
999 _c6947
_d6947
526 _a17598
526 _a102617
526 _a102618
526 _a15794
526 _a102619
526 _a102620
526 _a10406
526 _a105630
526 _a1698
526 _a116204
526 _a4969
526 _a19790
526 _a104436
526 _a5144
526 _a51868
526 _a3899
526 _a9683
526 _a
526 _a1703
526 _a1697